000 01184cam a2200373Ka 4500
001 100894
005 20230410102028.0
008 091008s1985 dr a r 000 0 spa d
035 _a(OCoLC)ocn454287246
040 _aBNPHU
_bspa
_cBNPHU
035 _a(OCoLC)454287246
092 _a658.401
_bM432p
041 _aspa
050 1 4 _a118 HD 30.24
_bM433c 1985
082 0 0 _a658.401
100 1 _aMatos, Milcíades Manuel
245 1 0 _aCómo preparar y evaluar estudios de factibilidad :
_bproyectos de desarrollo económico /
_cMilcíades Ml. Matos ; revisión de Lúis Eduardo Tonos.
260 _aSanto Domingo :
_bAmigo del Hogar,
_c1985.
300 _a249p. :
_bil. ;
_c24 cm.
500 _aIncluye notas al pie de las páginas
650 0 _aFeasibility studies.
650 0 _aProjects
_xExercises, problems, etc.
650 4 _aEstudios de factibilidad.
650 4 _aEvaluacion de proyectos.
650 4 _aPlanificacion.
650 4 _aProyectos de desarrollo.
650 4 _aProyectos de desarrollo económico.
650 4 _aMercadeo.
650 4 _a20150600
700 1 _aTonos, Luís Eduardo
942 _2lcc
_cbk
946 _aCV
994 _aC0
_bDRFGD
999 _c17601
_d17601